Statistics for Countries of the World - 30 Second Sprint

Click here to take the quiz!

General Stats

  • This quiz has been taken 3,952 times
  • The average score is 21 of 196

Answers on the Map

Answers color-coded by a green-red scale on the quiz's map according to % correct below.
 

Answer Stats

country% Correct
United States
90%
United Kingdom
74%
Russia
67%
Canada
59%
China
55%
India
48%
Spain
47%
Mexico
46%
France
42%
Brazil
41%
Japan
38%
Italy
35%
Ireland
33%
Finland
32%
United Arab Emirates
32%
Sweden
31%
Cuba
30%
Democratic Republic
of the Congo
30%
Iceland
30%
Peru
30%
Chile
29%
Norway
29%
Iran
28%
Australia
27%
Iraq
26%
Portugal
25%
Germany
23%
Argentina
22%
Congo
22%
Central African
Republic
21%
Chad
21%
Ukraine
21%
Denmark
20%
Estonia
20%
Dominican Republic
19%
Niger
19%
Poland
19%
Oman
18%
Togo
17%
Egypt
16%
Greece
16%
Israel
16%
Mali
16%
Yemen
16%
Mongolia
15%
Nigeria
15%
Austria
14%
Laos
13%
Latvia
13%
New Zealand
13%
Benin
12%
Fiji
12%
Haiti
12%
Malta
12%
Nepal
12%
Sudan
12%
Tonga
12%
Monaco
11%
Papua New Guinea
11%
South Korea
11%
Algeria
10%
Bolivia
10%
Hungary
10%
Libya
10%
North Korea
10%
Panama
10%
Vatican City
10%
Ecuador
9%
Indonesia
9%
Samoa
9%
Saudi Arabia
9%
Tunisia
9%
Turkey
9%
Uruguay
9%
Belize
8%
Bhutan
8%
Colombia
8%
Ghana
8%
Lithuania
8%
Nauru
8%
Pakistan
8%
Taiwan
8%
Bahamas
7%
Palau
7%
Paraguay
7%
Qatar
7%
Slovakia
7%
Syria
7%
Andorra
6%
Jamaica
6%
Jordan
6%
Lebanon
6%
South Africa
6%
Thailand
6%
Tuvalu
6%
Belarus
5%
Belgium
5%
Costa Rica
5%
Croatia
5%
Dominica
5%
Guatemala
5%
Honduras
5%
Kazakhstan
5%
Netherlands
5%
Vietnam
5%
Angola
4%
Bahrain
4%
Cyprus
4%
Gabon
4%
Kenya
4%
Kuwait
4%
Micronesia
4%
Morocco
4%
Romania
4%
Serbia
4%
Slovenia
4%
Somalia
4%
Sri Lanka
4%
Vanuatu
4%
Venezuela
4%
Afghanistan
3%
Albania
3%
Antigua and Barbuda
3%
Armenia
3%
Bangladesh
3%
Barbados
3%
Bosnia and
Herzegovina
3%
Brunei
3%
Bulgaria
3%
Cambodia
3%
Czechia
3%
El Salvador
3%
Ethiopia
3%
Guinea
3%
Guyana
3%
Kiribati
3%
Madagascar
3%
Malawi
3%
Malaysia
3%
Myanmar
3%
Nicaragua
3%
Singapore
3%
South Sudan
3%
Suriname
3%
Switzerland
3%
Uganda
3%
Cameroon
2%
Gambia
2%
Georgia
2%
Grenada
2%
Kosovo
2%
Lesotho
2%
Liberia
2%
Luxembourg
2%
Mauritania
2%
Namibia
2%
North Macedonia
2%
Philippines
2%
Rwanda
2%
Saint Kitts and Nevis
2%
Saint Lucia
2%
Saint Vincent and
the Grenadines
2%
San Marino
2%
Timor-Leste
2%
Trinidad and Tobago
2%
Zambia
2%
Azerbaijan
1%
Botswana
1%
Burkina Faso
1%
Burundi
1%
Cabo Verde
1%
Comoros
1%
Côte d'Ivoire
1%
Djibouti
1%
Equatorial Guinea
1%
Eritrea
1%
Eswatini
1%
Guinea-Bissau
1%
Kyrgyzstan
1%
Liechtenstein
1%
Maldives
1%
Marshall Islands
1%
Mauritius
1%
Moldova
1%
Montenegro
1%
Mozambique
1%
São Tomé
and Príncipe
1%
Senegal
1%
Seychelles
1%
Solomon Islands
1%
Tajikistan
1%
Tanzania
1%
Turkmenistan
1%
Uzbekistan
1%
Zimbabwe
1%
Sierra Leone
0%

Score Distribution

Percentile by Number Answered

Percent of People with Each Score

Your Score History

You have not taken this quiz